Представление документа в формате RUSMARC

ПолеНазваниеЗначение
  Тип записи a
  Библиографический уровень m
001 Контрольный номер UONB/MAIN/5a23e9cbb19c4f99afa3a8f4b187952b
005 Дата корректировки 20260429161650.0
100 Данные общей обработки __
a Данные общей обработки 20260429g1867 u u0rusy0189 ca
101 Язык документа 1_
a Язык текста rus
c Язык оригинала eng
102 Страна публикации __
a Страна публикации RU
105 Кодированные данные (монография) __
a Кодированные данные (монография) y z 000ay
200 Заглавие и сведения об ответственности 1_
a Заглавие Радикал Филикс Голт
e Сведения, относящиеся к заглавию роман Джорджа Элиота
e Сведения, относящиеся к заглавию в 3 частях
e Сведения, относящиеся к заглавию перевод с английского
203 Вид содержания и тип средства __
a Вид содержания Текст
b Характеристика содержания визуальный
c Тип средства непосредственный
210 Выходные данные 1_
a Место издания Санкт-Петербург
c Издательство Типография М. Хана
d Дата издания 1867-
215 Физическое описание __
d Формат 24 см
700 Автор _1
a Фамилия Элиот
b Имя (инициалы) Д.
g Полное личное имя Джордж
c Титул (звания) псевдоним
f Даты 1819-1880
790 Имя лица - альтернативная форма _1
a Имя лица - альтернативная форма Эванс
b Имя (инициалы) М. Э.
g Полное личное имя Мэри Энн
c Титул (звания) писательница
f Даты 1819-1880
801 Источник записи _0
a Страна RU
b Организация Ульяновская ОНБ
c Дата составления 20260429
g Правила каталогизации RCR
801 Источник записи _1
a Страна RU
b Организация Ульяновская ОНБ
c Дата составления 20260429
g Правила каталогизации RCR
901 Тип документа __
t Тип документа v
909 Создатель записи __
a Создатель записи Горбункова
b Дата создания записи 20260429